000 00649nam a2200157 4500
001 166494
003 ES-MaACL
005 20230906213338.0
008 950302s1891 sp f |||| | spa d
040 _aEUS
_bspa
_cEUS
100 1 _aTorres Campos, Manuel.
_9110934
245 1 0 _aEstudios de derecho internacional privado
_b: continuación de los elementos de esta ciencia /
_cpor Manuel Torres Campos.
260 _aMadrid :
_bLibrería de Fernando Fe,
_c1891 (
_fEst.Tip. de Ricardo Fe)
300 _a132 p. ;
_c19 cm.
852 _aES-MaACL
_jF-12183
_z-- Enc. hol.
_z-- An. ms.: ded. del autor al Ateneo de Madrid
_q-- Falto de las últimas 4 pp.
999 _c166494
_d166494